| 000 | 00658cab a2200205 4500 | ||
|---|---|---|---|
| 001 | ABS49268 | ||
| 008 | 090401t1993 xxu||||| |||| 00| 0 eng d | ||
| 035 | _a(Sirsi) u70627 | ||
| 041 | _aeng | ||
| 100 | _aChevin, D. | ||
| 245 | _aUprooting TRADA | ||
| 260 | _c1993 | ||
| 350 | _a0 | ||
| 490 |
_aBuilding _v258(7810) 10 September 1993, 50-51(2) |
||
| 520 | _aLooks at plans to reorganise the Timber Research and Development Association and profiles one of the contenders for a management buy-out of its subsidiaries TRADA Technology and TRADA Certification. | ||
| 650 | _aTRADA | ||
| 690 | _aBUILT ENVIRONMENT | ||
| 942 | _n0 | ||
| 948 | _c04/03/1997 | ||
| 999 |
_c44439 _d44439 |
||